Countries of North East Asia - Statistics

General Stats
  • This quiz has been taken 103 times
  • The average score is 6 of 6
Answer Stats
Countries % Correct
Japan
98%
Russia
96%
China
95%
North Korea
94%
South Korea
93%
Mongolia
90%
No matching quizzes found
Score Distribution
Percent of People with Each Score
Percentile by Number Answered
Your Score History
You have not taken this quiz